[Event "Titled Tue 27th May Early"]
[Site "chess.com INT"]
[Date "2025.05.27"]
[Round "6"]
[White "Mayorau, Mikita1"]
[Black "Chiappero, Julio Alfredo"]
[Result "1-0"]
[WhiteTitle "GM"]
[BlackTitle "FM"]
[WhiteElo "2472"]
[BlackElo "2238"]
[WhiteFideId "13501720"]
[BlackFideId "139998"]
[EventDate "2025.05.27"]

1. e4 c5 2. Nf3 e6 3. d4 cxd4 4. Nxd4 Nc6 5. Nb5 d6 6. c4 Nf6 7. N1c3 a6 8. Na3
Be7 9. Be2 O-O 10. O-O Qc7 11. Be3 b6 12. Qb3 Rb8 13. Rfd1 Ne5 14. f3 Ned7 15.
Rd2 Bb7 16. Rc1 Rbc8 17. Kh1 Bd8 18. Qd1 Ne8 19. Qe1 Qb8 20. Qf2 Bc7 21. b4 Nef6
22. g3 Rfe8 23. Nc2 d5 24. cxd5 exd5 25. exd5 Bxg3 26. hxg3 Rxc3 27. Bd4 Rcc8
28. Rcd1 Bxd5 29. Bxa6 Rcd8 30. Be2 Ng4 31. Qg2 Qb7 32. Ne1 Nge5 33. Ba1 Nf6 34.
Kg1 b5 35. Qf2 Nc4 36. Bxc4 bxc4 37. Bc3 Qc7 38. Bxf6 gxf6 39. Rxd5 Rxd5 40.
Rxd5 c3 41. Rc5 Qe7 42. Nd3 Qd6 43. Rxc3 Qd5 44. Nf4 Qd1+ 45. Kg2 Re1 46. Rc8+
Kg7 47. Nh5+ Kg6 48. g4 Rh1 49. Nf4+ Kg5 50. Nh3+ Kg6 51. Rg8+ Kh6 52. Qe3# 1-0

[Event "Titled Tue 27th May Early"]
[Site "chess.com INT"]
[Date "2025.05.27"]
[Round "6"]
[White "Masague Artero, Guerau"]
[Black "Rossi, Maximiliano"]
[Result "0-1"]
[WhiteTitle "FM"]
[WhiteElo "2326"]
[BlackElo "2013"]
[WhiteFideId "32098952"]
[BlackFideId "113425"]
[EventDate "2025.05.27"]

1. e4 e6 2. d4 d5 3. exd5 exd5 4. Bd3 Bd6 5. Nf3 Ne7 6. c4 c6 7. O-O f6 8. Nc3
O-O 9. h3 dxc4 10. Bxc4+ Kh8 11. Re1 Nd7 12. Nh4 g5 13. Nf3 Nb6 14. Bb3 Bf5 15.
Ne4 Nbd5 16. Bd2 Qd7 17. Nc5 Bxc5 18. dxc5 Ng6 19. Nd4 Ngf4 20. Qf3 Bg6 21. Bc3
Nxc3 22. bxc3 Bf7 23. Kh2 Bd5 24. Bxd5 Qxd5 25. Qxd5 Nxd5 26. Rab1 Rf7 27. c4
Nf4 28. Nf5 Nd3 29. Re2 Nxc5 30. Nd6 Rd7 31. Nf5 Rad8 32. Rbe1 Kg8 33. h4 Kf7
34. h5 Kg8 35. g4 h6 36. Nxh6+ Kh7 37. Nf5 Na4 38. Re7+ Rxe7 39. Rxe7+ Kg8 40.
Rxb7 Nc3 41. Rxa7 Rd2 42. Kg1 Rxa2 43. Rxa2 Nxa2 44. Kg2 Nc1 45. Kf3 Nb3 46. Ke3
c5 47. Ke4 Kf7 48. Kd5 Nd2 49. Kxc5 Nf1 50. Kd4 Nh2 51. Ne3 Nf3+ 52. Ke4 Ne5 0-1

[Event "Titled Tue 27th May Early"]
[Site "chess.com INT"]
[Date "2025.05.27"]
[Round "6"]
[White "Lloret Ramis, Juan Jose"]
[Black "Dilmukhametov, Artur"]
[Result "1/2-1/2"]
[WhiteTitle "FM"]
[BlackTitle "FM"]
[WhiteElo "2019"]
[BlackElo "2276"]
[WhiteFideId "2204053"]
[BlackFideId "24179922"]
[EventDate "2025.05.27"]

1. c4 Nf6 2. Nc3 g6 3. d4 Bg7 4. e4 d6 5. Nf3 O-O 6. Be2 e5 7. dxe5 dxe5 8. Qxd8
Rxd8 9. Bg5 Re8 10. Nd5 Nxd5 11. cxd5 c6 12. Bc4 cxd5 13. Bxd5 Nd7 14. Nd2 Nb6
15. Bb3 Bd7 16. O-O Na4 17. Nc4 h6 18. Be3 Bc6 19. Nd6 Reb8 20. Nxf7 Kh7 21. f3
Nxb2 22. Rab1 Nd3 23. Rfd1 Nf4 24. Kf2 g5 25. Nd6 Rd8 26. Nf5 Bf8 27. Rxd8 Rxd8
28. Bxa7 Rd2+ 29. Kf1 Bb5+ 30. Kg1 Rxg2+ 31. Kh1 Be2 32. Rg1 Rf2 33. Bxf2 Bxf3+
34. Rg2 Bxg2+ 35. Kg1 Bxe4 36. Ng3 Nh3+ 37. Kf1 Bd3+ 38. Kg2 Nxf2 39. Kxf2 Bc5+
40. Kf3 Kg6 41. Bd5 b6 42. Be4+ Bxe4+ 43. Kxe4 Kf6 44. Nf5 Bf8 45. Ne3 Ke6 46.
a4 Kd6 47. Nc4+ Kc5 48. Nxe5 Kb4 49. Nd7 Bc5 50. Kd5 Kxa4 51. Nxc5+ bxc5 52.
Kxc5 h5 53. Kd4 h4 54. Ke4 g4 55. Kf4 g3 56. hxg3 hxg3 57. Kxg3 1/2-1/2

[Event "Titled Tue 27th May Early"]
[Site "chess.com INT"]
[Date "2025.05.27"]
[Round "6"]
[White "Salimova, Asal"]
[Black "Koridze, Lile"]
[Result "1-0"]
[WhiteTitle "WCM"]
[BlackTitle "WFM"]
[WhiteElo "2003"]
[BlackElo "2110"]
[WhiteFideId "14204940"]
[BlackFideId "13612514"]
[EventDate "2025.05.27"]

1. d4 Nf6 2. c4 e6 3. g3 d5 4. Bg2 Bb4+ 5. Bd2 Be7 6. Nf3 O-O 7. O-O c5 8. dxc5
dxc4 9. Qc2 Bxc5 10. Qxc4 Qe7 11. Nc3 Nc6 12. Rac1 h6 13. Rfd1 Bd7 14. Bf4 Rfd8
15. Nb5 Bb6 16. Bd6 Qe8 17. Bc7 Nd5 18. Bxd8 Qxd8 19. e4 Nf6 20. Nd6 Ng4 21. Rc2
Qb8 22. h3 Nge5 23. Nxe5 Nxe5 24. Qc3 f6 25. Nc4 Bc6 26. Nxe5 Qxe5 27. Qxe5 fxe5
28. Rd6 Kf7 29. a3 Ke7 30. Rdd2 Rf8 31. b4 Bd4 32. Kh2 a6 33. f4 g5 34. fxg5
hxg5 35. Rd3 g4 36. h4 Rd8 37. Rdd2 Rd7 38. Kh1 Rd8 39. Rc1 Rf8 40. Rf1 Rxf1+
41. Bxf1 Bxe4+ 42. Kh2 Bf3 43. Be2 Bb6 44. Bxf3 gxf3 45. h5 e4 46. h6 Kf6 47.
Rd7 f2 48. h7 1-0

[Event "Titled Tue 27th May Early"]
[Site "chess.com INT"]
[Date "2025.05.27"]
[Round "6"]
[White "Devagharan, Devina"]
[Black "Brancaleoni, Maurizio"]
[Result "1-0"]
[WhiteTitle "WFM"]
[BlackTitle "FM"]
[WhiteElo "1860"]
[BlackElo "2185"]
[WhiteFideId "2061600"]
[BlackFideId "803022"]
[EventDate "2025.05.27"]

1. d4 Nf6 2. c4 b6 3. Nc3 Bb7 4. Nf3 Ne4 5. Qc2 Nxc3 6. Qxc3 e6 7. g3 Be7 8. Bg2
O-O 9. O-O c5 10. Rd1 Bf6 11. Qc2 cxd4 12. Nxd4 Bxg2 13. Kxg2 Qc7 14. Be3 Rc8
15. Rac1 Qb7+ 16. f3 a6 17. Bf2 Nc6 18. Qe4 Na5 19. Qd3 Rc7 20. b3 Rac8 21. Qd2
h6 22. e4 d6 23. Be3 Be7 24. Qf2 Rb8 25. Bd2 Nc6 26. Nxc6 Rxc6 27. Bf4 Rbc8 28.
Qd2 b5 29. cxb5 axb5 30. Rxc6 Rxc6 31. Qd3 b4 32. Rc1 Qc7 33. Rxc6 Qxc6 34. Bd2
d5 35. exd5 exd5 36. Qf5 Bf8 37. g4 g6 38. Qd3 Qe6 39. h3 Kh7 40. Qe3 Qxe3 41.
Bxe3 Kg7 42. Bd4+ f6 43. f4 Kf7 44. Kf3 Ke6 45. Ke3 f5 46. Kf3 Bd6 47. Bg7 h5
48. gxh5 gxh5 49. Bd4 Be7 50. Kg3 Bd8 51. Bc5 Ba5 52. Kh4 d4 53. Bxd4 Kd5 54.
Be5 Ke4 55. Kxh5 Kd3 56. Kg6 Kc2 57. h4 Kb1 58. h5 Kxa2 59. h6 Kxb3 60. h7 Ka2
61. h8=Q 1-0

[Event "Titled Tue 27th May Early"]
[Site "chess.com INT"]
[Date "2025.05.27"]
[Round "6"]
[White "Velikanov, Alexander"]
[Black "Wijerathna, Vinuka Dihain"]
[Result "1-0"]
[WhiteTitle "IM"]
[BlackTitle "CM"]
[WhiteElo "2372"]
[BlackElo "2063"]
[WhiteFideId "2039290"]
[BlackFideId "29981905"]
[EventDate "2025.05.27"]

1. c4 Nf6 2. Nc3 g6 3. g3 Bg7 4. Bg2 O-O 5. Nf3 c5 6. O-O Nc6 7. d3 d6 8. a3 a6
9. Rb1 Nd7 10. Bd2 Rb8 11. Ne1 Re8 12. b4 cxb4 13. axb4 Nd4 14. e3 Ne6 15. d4 b5
16. c5 dxc5 17. bxc5 Nc7 18. f4 Nf6 19. Nc2 Ncd5 20. Nxd5 Nxd5 21. e4 Nf6 22. d5
Bg4 23. Qe1 Qc8 24. Qf2 Bh3 25. Bxh3 Qxh3 26. Rfe1 Rbc8 27. c6 e6 28. Qf3 exd5
29. exd5 Qf5 30. Ne3 Rxe3 31. Bxe3 Nxd5 32. g4 Qe6 33. Bf2 Qxc6 34. Rbc1 Qxc1
35. Rxc1 Rxc1+ 36. Kg2 Nf6 37. f5 Rc4 38. h3 h5 39. g5 Nd7 40. fxg6 Ne5 41.
gxf7+ Kf8 42. Qf5 Rc7 43. g6 Rc6 44. Bc5+ Rxc5 45. Qe6 Rc2+ 46. Kf1 Rc1+ 47. Ke2 1-0

[Event "Titled Tue 27th May Early"]
[Site "chess.com INT"]
[Date "2025.05.27"]
[Round "6"]
[White "Alfaro, William"]
[Black "Aakash, G"]
[Result "0-1"]
[WhiteTitle "FM"]
[BlackTitle "FM"]
[WhiteElo "2077"]
[BlackElo "2114"]
[WhiteFideId "6100457"]
[BlackFideId "25644394"]
[EventDate "2025.05.27"]

1. Nf3 d5 2. c4 e6 3. b3 Nf6 4. Bb2 c5 5. e3 Nc6 6. d4 cxd4 7. exd4 Ne4 8. Nbd2
Nxd2 9. Qxd2 dxc4 10. bxc4 Bb4 11. Bc3 Qa5 12. Rc1 Bxc3 13. Rxc3 O-O 14. Bd3 e5
15. d5 Nb4 16. Bb1 e4 17. Ng5 f5 18. O-O h6 19. Nh3 Na6 20. Nf4 Bd7 21. Qe3 Nc5
22. Qd4 Kh7 23. h4 Qc7 24. Nh5 Be8 25. Nxg7 Bg6 26. h5 Qxg7 27. hxg6+ Kg8 28.
Qd2 Rf6 29. f3 Rxg6 30. fxe4 fxe4 31. Rf4 Re8 32. Re3 Qa1 33. Re1 Qe5 34. Rfxe4
Nxe4 35. Rxe4 Qxe4 36. Bxe4 Rxe4 37. Qd3 Reg4 38. Qf3 Rxc4 39. d6 Rxd6 40. Qxb7
Rc1+ 41. Kh2 Rcd1 42. Qa8+ Kg7 43. Qxa7+ Rd7 44. Qa4 R1d2 45. Qb3 Kf6 46. a4
R7d3 47. Qb4 Rd4 48. Qb6+ Rd6 49. a5 Rxb6 50. axb6 Rb2 0-1

[Event "Titled Tue 27th May Early"]
[Site "chess.com INT"]
[Date "2025.05.27"]
[Round "6"]
[White "Lai, Duc Minh"]
[Black "Miranda Camus, Joaquin Ignacio"]
[Result "1-0"]
[BlackTitle "FM"]
[WhiteElo "2072"]
[BlackElo "2196"]
[WhiteFideId "12420387"]
[BlackFideId "3449300"]
[EventDate "2025.05.27"]

1. e4 c6 2. d4 d5 3. exd5 cxd5 4. Bd3 Nc6 5. c3 Nf6 6. Bf4 Bg4 7. Qb3 Qd7 8. Nd2
e6 9. Ngf3 Bd6 10. Bxd6 Qxd6 11. O-O O-O 12. Rae1 Ne7 13. Ne5 Bf5 14. Qc2 Rfc8
15. Re3 b5 16. Rh3 Bg6 17. Bxg6 Nxg6 18. Nd3 b4 19. Nc5 bxc3 20. Qxc3 a5 21. Rc1
Nf4 22. Re3 Ng4 23. g3 Nh3+ 24. Kg2 Nhxf2 25. Re2 Ne4 26. Ndxe4 dxe4 27. Rxe4
Nf6 28. Re2 Rd8 29. Rd1 Qc6+ 30. Qf3 Qxf3+ 31. Kxf3 Rab8 32. Rd3 Nd5 33. Ra3 Rb5
34. Nb3 Ra8 35. Rc2 g6 36. Rc5 Rxc5 37. Nxc5 Nb6 38. Ke4 a4 39. b3 Kf8 40. bxa4
Ke7 41. a5 Nc4 42. Ra4 Nd6+ 43. Kd3 Kd8 44. a6 Kc7 45. Rb4 Ra7 46. a4 Nc8 47. a5
Nd6 48. Rb6 1-0

[Event "Titled Tue 27th May Early"]
[Site "chess.com INT"]
[Date "2025.05.27"]
[Round "6"]
[White "Reprintsev, Alexander"]
[Black "Barseghyan, Armen Ar."]
[Result "0-1"]
[WhiteTitle "IM"]
[BlackTitle "IM"]
[WhiteElo "2256"]
[BlackElo "2348"]
[WhiteFideId "14100541"]
[BlackFideId "13306707"]
[EventDate "2025.05.27"]

1. e4 c5 2. b3 Nc6 3. Bb2 Nf6 4. e5 Nd5 5. Nf3 g6 6. Ng5 Bg7 7. Qf3 O-O 8. Qxd5
e6 9. Qxc5 Qxg5 10. Qe3 Qxe3+ 11. fxe3 Nxe5 12. Nc3 d5 13. O-O-O Bd7 14. d4 Ng4
15. Re1 Rac8 16. h3 Nf2 17. Rg1 Bh6 18. Bd3 Nxd3+ 19. cxd3 b5 20. Kd2 b4 21. Ne2
Rc7 22. Rc1 Rfc8 23. Rxc7 Rxc7 24. Rc1 Rxc1 25. Bxc1 a5 26. Kc2 Bg5 27. e4 Bxc1
28. Nxc1 Bc6 29. e5 f5 30. exf6 Kf7 31. Kd2 Kxf6 32. Ke3 g5 33. Ne2 e5 34. dxe5+
Kxe5 35. d4+ Kf6 36. g4 Be8 37. Nc1 Bg6 38. Kf3 Bb1 39. Kg3 Kg6 40. Kf3 h5 41.
Kg3 h4+ 42. Kg2 Kf6 43. Kf2 Ke6 44. Ke3 Kd6 45. Kf2 Kc6 46. Ke3 Kb5 47. Kf2 a4
48. Ke3 Bc2 49. Kf2 axb3 50. axb3 Bxb3 51. Nxb3 Kc4 52. Na5+ Kxd4 53. Ke2 Kc3
54. Kd1 d4 55. Nc6 b3 56. Kc1 b2+ 57. Kb1 d3 58. Ne7 d2 59. Nd5+ Kd4 0-1

[Event "Titled Tue 27th May Early"]
[Site "chess.com INT"]
[Date "2025.05.27"]
[Round "6"]
[White "Kalyani Sirin"]
[Black "Mikhailova, Irina"]
[Result "0-1"]
[WhiteTitle "WFM"]
[BlackTitle "WGM"]
[WhiteElo "2136"]
[BlackElo "2143"]
[WhiteFideId "33323500"]
[BlackFideId "4109040"]
[EventDate "2025.05.27"]

1. e4 c5 2. Nf3 Nc6 3. Bb5 e6 4. Bxc6 bxc6 5. b3 f6 6. e5 fxe5 7. Nxe5 Nf6 8.
O-O Qc7 9. Bb2 Be7 10. c4 O-O 11. Na3 d6 12. Nf3 e5 13. h3 e4 14. Ne1 d5 15. d3
d4 16. dxe4 Nxe4 17. Nd3 Bf5 18. Nc2 Rae8 19. b4 Nc3 20. Bxc3 dxc3 21. Ne3 cxb4
22. Nxf5 Rxf5 23. c5 Bxc5 24. Qb3+ Qf7 25. Nxc5 Rxc5 26. Qxb4 Qc4 27. Qb7 c2 28.
Rac1 Qxa2 29. Qd7 Qf7 30. Qd6 Qe7 31. Qd4 Qe5 32. Qa4 Qe4 33. Qxa7 Rg5 34. Qa2+
Kh8 35. g3 Qd4 36. Kh2 Rf5 37. Rxc2 Ref8 38. Re2 c5 39. Qc2 h6 40. Kg2 c4 41.
Re4 Qd5 42. Kg1 Rc8 43. Rd1 Qg8 44. Rde1 Rff8 45. Rd4 c3 46. Rd3 Rfd8 47. Rde3
Qh7 48. Rxc3 Qxc2 49. Rxc2 Rxc2 0-1

[Event "Titled Tue 27th May Early"]
[Site "chess.com INT"]
[Date "2025.05.27"]
[Round "6"]
[White "Brenke, Andreas"]
[Black "Rose, Felix"]
[Result "1/2-1/2"]
[WhiteTitle "FM"]
[BlackTitle "CM"]
[WhiteElo "2349"]
[BlackElo "2093"]
[WhiteFideId "4602900"]
[BlackFideId "5105722"]
[EventDate "2025.05.27"]

1. d4 d5 2. c4 e6 3. Nc3 Nf6 4. cxd5 exd5 5. Bg5 c6 6. e3 Be7 7. Bd3 Nbd7 8.
Nge2 h6 9. Bh4 Nh5 10. Bxe7 Qxe7 11. O-O O-O 12. Qd2 Nb6 13. Rae1 Bd7 14. b3
Rae8 15. Nc1 Nc8 16. f3 f5 17. Bc2 Nd6 18. Nd3 Bc8 19. Ne5 Qg5 20. Ne2 Nf7 21.
Qc3 Nxe5 22. dxe5 f4 23. exf4 Nxf4 24. Nxf4 Rxf4 25. g3 Rff8 26. f4 Qg4 27. Qd4
a6 28. b4 h5 29. Qd1 h4 30. Qxg4 Bxg4 31. gxh4 Bf5 32. Bxf5 Rxf5 33. Kg2 Kf7 34.
Kg3 Rh8 35. a4 Rfh5 36. b5 axb5 37. axb5 Rxh4 38. bxc6 Rh3+ 39. Kg4 R8h4+ 40.
Kg5 Rh5+ 41. Kg4 R3h4+ 42. Kg3 bxc6 43. Rc1 Rh3+ 44. Kg4 R5h4+ 45. Kg5 Rh6 46.
f5 R6h5+ 47. Kg4 R5h4+ 48. Kg5 Rh5+ 49. Kg4 R3h4+ 50. Kg3 Rh3+ 51. Kg4 1/2-1/2

[Event "Titled Tue 27th May Early"]
[Site "chess.com INT"]
[Date "2025.05.27"]
[Round "6"]
[White "Sjugirov, Sanan"]
[Black "Dragnev, Valentin"]
[Result "0-1"]
[WhiteTitle "GM"]
[BlackTitle "GM"]
[WhiteElo "2638"]
[BlackElo "2540"]
[WhiteFideId "4189302"]
[BlackFideId "1634852"]
[EventDate "2025.05.27"]

1. c4 e6 2. g3 d5 3. Bg2 Nf6 4. Nf3 c5 5. cxd5 exd5 6. d4 Nc6 7. O-O Be7 8. Nc3
h6 9. a3 c4 10. Ne5 Be6 11. Nxc6 bxc6 12. b3 cxb3 13. Qxb3 O-O 14. Rd1 Qb6 15.
Qc2 Rac8 16. Na4 Qa6 17. Bf4 Nd7 18. e4 dxe4 19. Bxe4 Nf6 20. Bd3 Qa5 21. Nc5
Bxc5 22. dxc5 Rfe8 23. Re1 Bd5 24. Bd2 Qc7 25. Bf4 Qa5 26. Be5 Nd7 27. Bc3 Qxc5
28. Bf5 Be6 29. Bxe6 Rxe6 30. Rxe6 fxe6 31. Qd3 Rf8 32. Rf1 Rf7 33. Bb2 Qd5 34.
Qe2 Nc5 35. Rd1 Qe4 36. Rd8+ Kh7 37. Qxe4+ Nxe4 38. Bd4 c5 39. Be3 Rc7 40. Kf1
c4 41. Ke2 c3 42. Kd3 Nxf2+ 43. Bxf2 c2 44. Be3 c1=Q 45. Bxc1 Rxc1 46. Ra8 Rc7
47. Kd4 Kg6 48. Ke5 Kf7 49. Kd6 Rb7 50. Kc5 e5 51. a4 Rd7 52. a5 e4 53. Rb8 e3
54. Rb2 Rd2 55. Rb3 e2 56. Re3 Kf6 57. Kb5 Rd5+ 58. Ka6 Re5 0-1

[Event "Titled Tue 27th May Early"]
[Site "chess.com INT"]
[Date "2025.05.27"]
[Round "6"]
[White "Bodemar, Jonathan"]
[Black "Mica, Marek"]
[Result "1/2-1/2"]
[WhiteTitle "CM"]
[BlackTitle "FM"]
[WhiteElo "2150"]
[BlackElo "2372"]
[WhiteFideId "6205488"]
[BlackFideId "382884"]
[EventDate "2025.05.27"]

1. e4 e6 2. d4 d5 3. Nc3 Bb4 4. Ne2 dxe4 5. a3 Bxc3+ 6. Nxc3 Nc6 7. d5 exd5 8.
Qxd5 Be6 9. Qxd8+ Rxd8 10. Nxe4 Nge7 11. Bf4 Nd5 12. Bg3 O-O 13. O-O-O h6 14.
Nc5 Bg4 15. f3 Bc8 16. Bb5 Nce7 17. c4 c6 18. cxd5 cxb5 19. d6 Nf5 20. d7 Nxg3
21. hxg3 b6 22. dxc8=Q Rxc8 23. Rd7 Rxc5+ 24. Kb1 a5 25. Rb7 Rc6 26. Rd1 Re8 27.
Rd2 Re1+ 28. Ka2 a4 29. b3 Rcc1 30. bxa4 Ra1+ 31. Kb2 Reb1+ 32. Kc2 bxa4 33.
Rd8+ Kh7 34. Rxf7 Rb3 35. Rdd7 Ra2+ 36. Kc1 Ra1+ 37. Kc2 Ra2+ 38. Kc1 Rc3+ 39.
Kd1 Rb3 40. Rxg7+ Kh8 41. Rh7+ Kg8 42. Rhg7+ Kh8 43. Rh7+ Kg8 44. Kc1 Rc3+ 45.
Kd1 Rxg2 46. Rhg7+ Kf8 47. Rgf7+ Ke8 48. Rfe7+ Kf8 49. Rf7+ Kg8 50. Rg7+ Kh8 51.
Rh7+ Kg8 52. Rhg7+ 1/2-1/2

[Event "Titled Tue 27th May Early"]
[Site "chess.com INT"]
[Date "2025.05.27"]
[Round "6"]
[White "Tilahun, Abel Mathewos"]
[Black "Kovalevsky, Stanislav"]
[Result "0-1"]
[WhiteTitle "CM"]
[BlackTitle "FM"]
[WhiteElo "1944"]
[BlackElo "2098"]
[WhiteFideId "15702391"]
[BlackFideId "13508598"]
[EventDate "2025.05.27"]

1. d4 d5 2. c4 c6 3. Nf3 Nf6 4. Nc3 dxc4 5. e3 Bf5 6. Bxc4 e6 7. O-O Nbd7 8. Re1
Ne4 9. Nd2 Nxc3 10. bxc3 e5 11. e4 Bg6 12. d5 Nb6 13. Bb3 cxd5 14. exd5 Bd6 15.
Ne4 O-O 16. c4 f5 17. Nxd6 Qxd6 18. a4 Nd7 19. a5 Nc5 20. Ba3 b6 21. Qd2 Nxb3
22. Bxd6 Nxd2 23. Bxf8 Rxf8 24. Rxe5 Nxc4 25. Re7 Nxa5 26. d6 Rd8 27. Rd1 Nc4
28. Rxa7 Rxd6 29. Rxd6 Nxd6 30. Ra6 Nc4 31. f4 Be8 32. Ra8 Kf7 33. Kf2 Nd6 34.
Rb8 b5 35. Rb6 Ke6 36. Ke2 Kd5 37. Kd3 Kc5 38. Rb8 b4 39. Kc2 Ba4+ 40. Kb2 Nc4+
41. Kb1 b3 42. Rc8+ Bc6 43. Kc1 b2+ 44. Kb1 Kb6 45. Rb8+ Kc7 46. Rxb2 Nxb2 47.
Kxb2 Bxg2 48. Kc3 Kd6 49. Kd4 Be4 50. h4 h5 0-1

[Event "Titled Tue 27th May Early"]
[Site "chess.com INT"]
[Date "2025.05.27"]
[Round "6"]
[White "Belov, Alexei"]
[Black "Preobrazhenskaya, Diana"]
[Result "1-0"]
[WhiteTitle "IM"]
[BlackTitle "WFM"]
[WhiteElo "2421"]
[BlackElo "2103"]
[WhiteFideId "4128206"]
[BlackFideId "34270566"]
[EventDate "2025.05.27"]

1. e4 c5 2. Nf3 d6 3. d4 cxd4 4. Nxd4 Nf6 5. Nc3 a6 6. Be2 e5 7. Nb3 Be7 8. O-O
O-O 9. Kh1 Nc6 10. f4 b5 11. a4 Bb7 12. axb5 axb5 13. Rxa8 Qxa8 14. Bxb5 Na7 15.
Bd3 Nxe4 16. Nxe4 Bxe4 17. Bxe4 Qxe4 18. fxe5 dxe5 19. Re1 Qf5 20. Nd4 exd4 21.
Rxe7 Nc6 22. Re1 h6 23. h3 Rc8 24. c3 d3 25. Be3 Re8 26. Bd2 Rxe1+ 27. Qxe1 Ne5
28. b3 Kh7 29. c4 Ng6 30. Qe3 Nh4 31. Qf4 Qh5 32. Qe4+ f5 33. Qxd3 Qd1+ 34. Kh2
Qh5 35. c5 Qg6 36. Qg3 Qf6 37. Bf4 Ng6 38. Bd6 Qb2 39. Qd3 Qc1 40. Qxf5 Qc3 41.
Qf3 Qc1 42. Qe4 Qc3 43. c6 Qxb3 44. c7 Qc3 45. Qf5 Qd2 46. c8=Q Qxd6+ 47. Kh1
Qd1+ 48. Kh2 Qd6+ 49. Kg1 Qd4+ 50. Qf2 Qd1+ 51. Kh2 Qd6+ 52. Qg3 Qd2 53. Qf5 1-0

[Event "Titled Tue 27th May Early"]
[Site "chess.com INT"]
[Date "2025.05.27"]
[Round "6"]
[White "Dogan, Umut Anil"]
[Black "Leschinsky, Gary"]
[Result "0-1"]
[WhiteTitle "CM"]
[WhiteElo "2123"]
[BlackElo "1992"]
[WhiteFideId "51618060"]
[BlackFideId "30951321"]
[EventDate "2025.05.27"]

1. c4 e6 2. Nf3 Nf6 3. e3 c5 4. Nc3 Nc6 5. d4 d5 6. cxd5 exd5 7. Be2 cxd4 8.
exd4 Be7 9. O-O O-O 10. Ne5 Bf5 11. Bf3 Rc8 12. Bg5 Ne4 13. Bxe7 Nxe7 14. Rc1
Qb6 15. Bxe4 dxe4 16. b3 Rfd8 17. Ne2 Rxc1 18. Qxc1 Nc6 19. Nxc6 bxc6 20. h3 h6
21. Qc3 Rd5 22. Rc1 Rd6 23. Qc5 Qxc5 24. Rxc5 Bc8 25. Ra5 Rd7 26. Kf1 Kf8 27.
Ke1 Ke7 28. Kd2 Kd8 29. Ke3 Re7 30. Nc3 f5 31. Rc5 Bd7 32. Ne2 Kc7 33. g3 g5 34.
b4 Kd6 35. a3 Be6 36. Ra5 Rb7 37. h4 Bd5 38. hxg5 hxg5 39. Nc3 Be6 40. Ra6 Kd7
41. Na4 Bc4 42. Nc5+ Kc7 43. Ra5 Bd5 44. Nxb7 Kxb7 45. b5 Kb6 46. Ra4 cxb5 47.
Rb4 a5 48. Rb2 Bc4 49. g4 Be6 50. gxf5 Bxf5 51. Rc2 b4 52. axb4 axb4 53. d5 Kb5
54. Rc1 b3 55. Kd4 e3 0-1

[Event "Titled Tue 27th May Early"]
[Site "chess.com INT"]
[Date "2025.05.27"]
[Round "6"]
[White "Sarasketa Irastortza, Oier"]
[Black "Baladjaev, Gara"]
[Result "1-0"]
[WhiteTitle "CM"]
[BlackTitle "FM"]
[WhiteElo "2190"]
[BlackElo "2404"]
[WhiteFideId "54728207"]
[BlackFideId "13401785"]
[EventDate "2025.05.27"]

1. d4 Nf6 2. c4 g6 3. Nf3 Bg7 4. g3 O-O 5. Bg2 d6 6. Nc3 Nbd7 7. O-O e5 8. e4
exd4 9. Nxd4 Nc5 10. h3 a5 11. Re1 Bd7 12. Be3 Qc8 13. Kh2 Re8 14. Qc2 Re5 15.
f3 Rh5 16. h4 h6 17. Bf2 g5 18. g4 Bxg4 19. fxg4 Nxg4+ 20. Kg1 Nxf2 21. Qxf2 Nd3
22. Qe3 Nxe1 23. Rxe1 Bxd4 24. Qxd4 Rxh4 25. Nd5 Qd8 26. Nf6+ Kf8 27. Nh7+ Kg8
28. Nf6+ Kf8 29. Nh7+ Ke7 30. Qf6+ Kd7 31. Qf5+ Ke7 32. Rf1 Qg8 33. Nf6 Qg6 34.
Nd5+ Kd8 35. Qxg6 fxg6 36. Rf8+ Kd7 37. Rxa8 c6 38. Nf6+ Ke6 39. Ne8 Rf4 40.
Nc7+ Kd7 41. Ne8 Rf8 42. Nf6+ Rxf6 43. Rxa5 b6 44. Ra7+ Ke6 45. Rh7 Ke5 46. Rxh6
Kd4 47. Rh3 Kxc4 48. Rc3+ Kb5 49. Bf1+ Ka5 50. Rxc6 Re6 51. Rc4 1-0

[Event "Titled Tue 27th May Early"]
[Site "chess.com INT"]
[Date "2025.05.27"]
[Round "6"]
[White "Toncheva, Nadya"]
[Black "Nurgaliyev, Sauat"]
[Result "1-0"]
[WhiteTitle "FM"]
[BlackTitle "IM"]
[WhiteElo "2332"]
[BlackElo "2407"]
[WhiteFideId "2924056"]
[BlackFideId "13726285"]
[EventDate "2025.05.27"]

1. e4 c5 2. Nf3 d6 3. Nc3 Nf6 4. Bb5+ Nbd7 5. O-O a6 6. Be2 g6 7. a4 b6 8. d3
Bg7 9. Ne1 O-O 10. f4 Bb7 11. Nf3 e6 12. Kh1 Bc6 13. Qe1 b5 14. Qh4 Qc7 15. f5
b4 16. Nd1 exf5 17. exf5 Rfe8 18. Ne3 d5 19. fxg6 hxg6 20. Bd1 d4 21. Nc4 Nd5
22. Ng5 N7f6 23. Bf3 Rad8 24. Bd2 Ne3 25. Bxe3 dxe3 26. Bxc6 Qxc6 27. Rae1 Rd4
28. Qh3 e2 29. Rf2 Qd5 30. Nf3 Rxc4 31. dxc4 Qxc4 32. c3 bxc3 33. bxc3 Ne4 34.
Rfxe2 Ng3+ 35. hxg3 Rxe2 36. Qc8+ Bf8 37. Rd1 Qe4 38. Rd8 Qe7 39. Rd7 Qe6 40.
Ng5 Qg4 41. Rd8 Qxc8 42. Rxc8 Rc2 43. Ne4 Kg7 44. Kg1 f5 45. Ng5 Be7 46. Ne6+
Kf6 47. Nxc5 Ra2 48. Nxa6 Rxa4 49. Nc7 Kf7 50. Nd5 Ra5 51. c4 Rc5 52. Nxe7 Re5
53. Nd5 Re4 54. Rc7+ Kf8 55. Kf2 g5 56. Kf3 g4+ 57. Kf2 Rd4 58. Ne3 1-0

[Event "Titled Tue 27th May Early"]
[Site "chess.com INT"]
[Date "2025.05.27"]
[Round "6"]
[White "Lissillour, Baptiste"]
[Black "Stamatiou, Rodolfos"]
[Result "1-0"]
[WhiteTitle "FM"]
[BlackTitle "FM"]
[WhiteElo "2318"]
[BlackElo "2269"]
[WhiteFideId "45179620"]
[BlackFideId "25826530"]
[EventDate "2025.05.27"]

1. e4 c5 2. Nf3 Nc6 3. d4 cxd4 4. Nxd4 Nf6 5. Nc3 e6 6. Ndb5 Bc5 7. Bf4 O-O 8.
Bc7 Qe7 9. Bd6 Bxd6 10. Qxd6 Qd8 11. Nc7 Rb8 12. Be2 a6 13. a4 b5 14. axb5 axb5
15. N7xb5 Rb6 16. Ra8 Na7 17. Qd4 Nxb5 18. Nxb5 Rc6 19. c4 Qe7 20. O-O Bb7 21.
Rxf8+ Qxf8 22. Ra1 Qb4 23. f3 d6 24. Qc3 Qc5+ 25. Kh1 Qf2 26. Nd4 Rc8 27. Rf1
Qh4 28. b4 d5 29. exd5 exd5 30. c5 Re8 31. c6 Bc8 32. b5 Nh5 33. f4 Ng3+ 34.
Qxg3 Qf6 35. Qd3 g6 36. b6 Ba6 37. Qxa6 Qxd4 38. c7 Qc3 39. Bf3 d4 40. Rg1 d3
41. Qb5 Rf8 42. b7 Qxc7 43. Qxd3 Rd8 44. Qb5 Qxf4 45. Qc6 Rb8 46. Qc8+ Kg7 47.
Qc3+ Kg8 48. Rf1 h5 49. Be2 Qd6 50. Bc4 Rf8 51. Bxf7+ Rxf7 52. Qc8+ Kg7 53.
Rxf7+ Kxf7 54. Qc4+ Kg7 55. Qc3+ Kh7 56. Qb3 Qc7 57. h3 Qc1+ 58. Kh2 Qf4+ 59.
Qg3 1-0